000 00304nam a22001337a 4500
008 170313b xxu||||| |||| 00| 0 eng d
020 _a0471825689
041 _aeng
080 _23RD
_a591
100 _a7
101 _aSHM
245 _aANALYSIS OF VERTEBRATE STRUCTURE
_cHILDEBRAND, H
942 _2udc
_cBK
999 _c7678
_d7678